Anti-dumping and countervailing measures : The complete reference (Record no. 41325)

MARC details
000 -LEADER
fixed length control field 00317nam a2200109Ia 4500
082 ## - DEWEY DECIMAL CLASSIFICATION NUMBER
Classification number 339.543.328
Item number GUP
100 ## - MAIN ENTRY--AUTHOR NAME
Personal name Gupta, R K
245 #0 - TITLE STATEMENT
Title Anti-dumping and countervailing measures : The complete reference
260 ## - PUBLICATION, DISTRIBUTION, ETC. (IMPRINT)
Place of publication New Delhi
Name of publisher Response Books
Year of publication 1996
942 ## - ADDED ENTRY ELEMENTS (KOHA)
Koha item type Books
Holdings
Withdrawn status Lost status Damaged status Not for loan Home library Current library Date acquired Cost, normal purchase price Full call number Accession Number Koha item type
        RRII Library RRII Library 16/12/2021 425.00 339.543.328 GUP 21613 Books